| 000 | 01169nam a2200229Ia 4500 | ||
|---|---|---|---|
| 003 | Ost | ||
| 005 | 20260507075029.0 | ||
| 008 | 260507s9999||||xx |||||||||||||| ||und|| | ||
| 020 | _a353400995 | ||
| 040 | _cfsecg | ||
| 041 | _aara | ||
| 082 | _a330 | ||
| 100 |
_aالزبيدي، حمزة محمود _eمؤلف |
||
| 245 | 0 |
_aالإستثمار في الأوراق المالية / _c حمزة محمود الزبيدي |
|
| 260 |
_aعمان: _bمؤسسة الوراق للنشر والتوزيع, _c2001 |
||
| 300 |
_a268 صفحة؛ _bإيضاحات ؛ _c24 سم |
||
| 520 | _aأساسيات الإستثمار وأدواته الأصول الإستثمارية المالية، مخاطر الإستثمار في الأوراق المالية، التحليل الفني للأوراق المالية، سوق الأوراق المالية، نوذج تسعير الأصول الرأسمالية، الإستثمار في الأسهم، تقييم الأسهم، الإستثمار في السندات، تقييم السندات | ||
| 653 | _aالإستثمار | ||
| 653 | _aالأوراق المالية | ||
| 653 | _aالسندات | ||
| 942 | _cكتاب | ||
| 999 |
_c42374 _d42374 |
||